• 首页
  • 本馆介绍
  • 公告通知
  • 最新文献
  • 馆藏检索
  • 电子资源
  • 读者导购
  • 参考咨询
  • 我的图书馆
  • 登录
  • 详细信息显示
  • 放入我的书架
  • 预约/预借图书
  • 作者相关作品
  • 分类相关作品
  • 丛书相关作品
  • 出版社相关作品

书目信息

  • 表格格式
  • 工作单格式
  • 卡片格式
题名:
中国年鉴
    
 
作者: ;新华通讯新中国年鉴编辑部 编
分册: 1987  
出版信息: 北京   新华出版社  1987
页数: 760页
开本: 28cm
丛书名:
单 册:
中图分类: Z5
科图分类:
主题词: 年鉴 , 年刊 , 年报
电子资源:
ISBN:
000 00731nam0 2200253 45
001 0187017158
005 20061125142410.40
010    @b精装@dCNY65.00
100    @a19900808d1987 emky0chiy0121 ea
101 0  @achi
102    @aCN@b110000
105    @af z 000yy
200 10 @a中国年鉴@Azhong guo nian jian@h1987@f新华通讯新中国年鉴编辑部编
210    @a北京@c新华出版社@a香港@c新中国新闻有限公司@d1987
215    @a760页@c插图@d28cm
606 0  @a年鉴
606 0  @a年刊
606 0  @a年报
607    @a中国@z1987@x年鉴
690    @aZ5@v3
711 02 @a新华通讯新中国年鉴编辑部@Axin hua tong xun xin zhong guo nian jian bian ji bu@4编
801  2 @aCN@bNLC@c20061125
801  0 @aCN@bTSSF
905    @a10447@dZ5@e10:(1987)
    
    中国年鉴.1987/新华通讯新中国年鉴编辑部编.-北京:新华出版社;香港:新中国新闻有限公司,1987
    760页:插图;28cm
    
    
    ISBN (精装):CNY65.00
    
●
相关链接 在E读中查询图书 在五车中查询图书 在当当中查询图书 在豆瓣中查询图书


正题名:中国年鉴     索取号:Z5/10:(1987)         预约/预借

序号 登录号 条形码 馆藏地/架位号 状态 备注
1 0206726   202130568   第二样本阅览室/ [索取号:Z5/10:(1987)] 在馆    
唐山师范学院图书馆 欢迎您!
大连网信软件有限公司© 版权所有